000
00291nam a2200121Ia 4500
008
191201s2013 xx 000 0 und d
100
_a
PANDEY, Adesh K
245
0
_a
Network Security and Administration
260
_b
katson
_c
2013
300
_a
279
650
_a
B.Tech(CSE)
942
_2
ddc
_c
BK
999
_c
6874
_d
6874